[Event "FICGS rapid D 000101 email"]
[Site "FICGS email"]
[Date "2016.09.30"]
[Round "1"]
[White "Budnar, Milos"]
[Black "Segur, Laurine"]
[Result "0-1"]
[WhiteElo "1370"]
[BlackElo "1302"]
[PlyCount "76"]
[EventDate "2016.??.??"]
[EventType "tourn (rapid)"]
[EventRounds "5"]
[SourceTitle "Corr 2022"]
[Source "ChessBase"]
[SourceDate "2021.10.24"]
[SourceVersion "1"]
[SourceVersionDate "2021.10.24"]
[SourceQuality "1"]

1. e4 c5 2. Nf3 Nf6 3. e5 Nd5 4. Nc3 Nxc3 5. dxc3 d5 6. exd6 Qxd6 7. Qxd6 exd6 8. Bb5+ Bd7 9. Bxd7+ Nxd7 10. 0-0 Ne5 11. Nxe5 dxe5 12. Rd1 Rd8 13. Be3 Bd6 14. Rab1 b6 15. b4 c4 16. g3 Rd7 17. a4 Ke7 18. Rd2 Rhd8 19. Rbd1 g6 20. h4 Ke6 21. Kf1 f5 22. f4 exf4 23. Bxf4 Bxf4 24. Rxd7 Rxd7 25. Rxd7 Kxd7 26. gxf4 Ke6 27. Ke2 a6 28. Ke3 b5 29. axb5 axb5 30. Kd4 h6 31. Ke3 Kf6 32. Kf3 g5 33. h5 gxf4 34. Kxf4 Ke6 35. Ke3 Ke5 36. Kf3 f4 37. Ke2 Ke4 38. Kf2 f3 0-1

[Event "FICGS rapid E 000172 email"]
[Site "FICGS email"]
[Date "2016.04.17"]
[Round "1"]
[White "Joubert, Hennie"]
[Black "Segur, Laurine"]
[Result "0-1"]
[WhiteElo "1262"]
[BlackElo "1047"]
[PlyCount "50"]
[EventDate "2016.??.??"]
[EventType "tourn (rapid)"]
[EventRounds "6"]
[SourceTitle "Corr 2022"]
[Source "ChessBase"]
[SourceDate "2021.10.24"]
[SourceVersion "1"]
[SourceVersionDate "2021.10.24"]
[SourceQuality "1"]

1. e4 c5 2. Nf3 d6 3. d4 cxd4 4. Nxd4 Nf6 5. Nc3 a6 6. Be3 e5 7. Nb3 Be6 8. Be2 Be7 9. Nd5 Nxd5 10. exd5 Bf5 11. 0-0 0-0 12. Rc1 Nd7 13. c4 a5 14. Nd2 Nc5 15. Nf3 Bf6 16. b3 Re8 17. h3 Qc7 18. g4 Be4 19. Nh2 h6 20. Bf3 Bd3 21. Re1 e4 22. Be2 Bb2 23. Bxd3 Nxd3 24. Qc2 Bxc1 25. Bxc1 Nxe1 0-1

[Event "FICGS rapid E 000172 email"]
[Site "FICGS email"]
[Date "2016.04.17"]
[Round "1"]
[White "Segur, Laurine"]
[Black "Goldmund, Heike"]
[Result "1-0"]
[WhiteElo "1047"]
[BlackElo "1143"]
[PlyCount "31"]
[EventDate "2016.??.??"]
[EventType "tourn (rapid)"]
[EventRounds "6"]
[SourceTitle "Corr 2022"]
[Source "ChessBase"]
[SourceDate "2021.10.24"]
[SourceVersion "1"]
[SourceVersionDate "2021.10.24"]
[SourceQuality "1"]

1. e4 d5 2. exd5 Qxd5 3. Nc3 Qa5 4. d4 Nf6 5. Nf3 Bf5 6. Ne5 e6 7. Nc4 Qb4 8. Bd2 Qe7 9. Qf3 Bxc2 10. Qxb7 Qb4 11. Qxa8 Nfd7 12. Qxa7 c6 13. Be2 Bf5 14. Ne4 Qe7 15. Ned6+ Kd8 16. Ba5+ 1-0

[Event "FICGS W-ch st1 g06 email"]
[Site "FICGS email"]
[Date "2016.03.02"]
[Round "1"]
[White "Bartsch, Reinhard Andrea"]
[Black "Segur, Laurine"]
[Result "1-0"]
[WhiteElo "2029"]
[BlackElo "1047"]
[PlyCount "51"]
[EventDate "2016.??.??"]
[EventType "tourn (corr)"]
[EventRounds "8"]
[SourceTitle "Corr 2022"]
[Source "ChessBase"]
[SourceDate "2021.10.24"]
[SourceVersion "1"]
[SourceVersionDate "2021.10.24"]
[SourceQuality "1"]

1. c4 e5 2. g3 Nf6 3. Nc3 d5 4. cxd5 Nxd5 5. Bg2 Be6 6. Nf3 Bd6 7. 0-0 0-0 8. d4 Nc6 9. Nxe5 Nxe5 10. Bxd5 Bxd5 11. dxe5 Bxe5 12. Qxd5 Bxc3 13. Qxd8 Raxd8 14. bxc3 Rd6 15. Ba3 Rfd8 16. Bxd6 Rxd6 17. Rfd1 g6 18. Rxd6 cxd6 19. Rd1 f5 20. Rxd6 b5 21. Ra6 g5 22. Rxa7 h5 23. a4 b4 24. cxb4 h4 25. b5 hxg3 26. hxg3 1-0

[Event "FICGS W-ch st1 g06 email"]
[Site "FICGS email"]
[Date "2016.03.02"]
[Round "1"]
[White "Segur, Laurine"]
[Black "Salonen, Jukka"]
[Result "0-1"]
[WhiteElo "1047"]
[BlackElo "1881"]
[PlyCount "40"]
[EventDate "2016.??.??"]
[EventType "tourn (corr)"]
[EventRounds "8"]
[SourceTitle "Corr 2022"]
[Source "ChessBase"]
[SourceDate "2021.10.24"]
[SourceVersion "1"]
[SourceVersionDate "2021.10.24"]
[SourceQuality "1"]

1. e4 c5 2. Nf3 d6 3. d4 cxd4 4. Nxd4 Nf6 5. Nc3 Nc6 6. Be3 e5 7. Nb3 Be7 8. Qd2 Be6 9. Nd5 Nxe4 10. Qd3 Bxd5 11. f3 Nf6 12. 0-0-0 Be6 13. Be2 Nd5 14. g4 Nxe3 15. Qxe3 Bg5 16. Rd3 Bxe3+ 17. Rxe3 Qg5 18. Kd2 d5 19. Kd3 d4 20. Re4 Nb4# 0-1

[Event "FICGS rapid E 000167 email"]
[Site "FICGS email"]
[Date "2016.01.17"]
[Round "1"]
[White "Segur, Laurine"]
[Black "Barradas, Anderson"]
[Result "1-0"]
[WhiteElo "985"]
[BlackElo "1295"]
[PlyCount "41"]
[EventDate "2016.??.??"]
[EventType "tourn (rapid)"]
[EventRounds "6"]
[SourceTitle "Corr 2022"]
[Source "ChessBase"]
[SourceDate "2021.10.24"]
[SourceVersion "1"]
[SourceVersionDate "2021.10.24"]
[SourceQuality "1"]

1. e4 c5 2. Nc3 e6 3. Nf3 a6 4. d4 b6 5. Be3 Bb7 6. d5 Bd6 7. Qd2 Ne7 8. Be2 Qc7 9. Rd1 exd5 10. exd5 0-0 11. 0-0 Ng6 12. Ne4 Ne7 13. c4 Re8 14. Nxd6 Qxd6 15. Bf4 Qg6 16. Bd3 Qh5 17. h3 Nf5 18. Rfe1 Rxe1+ 19. Rxe1 Kf8 20. Bxf5 Qxf5 21. Bd6+ 1-0

[Event "FICGS rapid E 000160 email"]
[Site "FICGS email"]
[Date "2015.10.06"]
[Round "1"]
[White "Pech, Jaroslav Sr"]
[Black "Segur, Laurine"]
[Result "1-0"]
[WhiteElo "899"]
[BlackElo "970"]
[PlyCount "39"]
[EventDate "2015.??.??"]
[EventType "tourn (rapid)"]
[EventRounds "6"]
[SourceTitle "Corr 2022"]
[Source "ChessBase"]
[SourceDate "2021.10.24"]
[SourceVersion "1"]
[SourceVersionDate "2021.10.24"]
[SourceQuality "1"]

1. e4 e5 2. Bc4 Nf6 3. d3 c6 4. Nf3 Qc7 5. Bb3 d5 6. Nc3 dxe4 7. Ng5 Be6 8. Bxe6 fxe6 9. Ncxe4 Nxe4 10. dxe4 Qc8 11. Qf3 Bb4+ 12. c3 Be7 13. Qf7+ Kd7 14. Qxe6+ Kd8 15. Nf7+ Kc7 16. Qxe7+ Nd7 17. Qd6+ Kb6 18. Be3+ Ka6 19. Qa3+ Kb5 20. Nd6# 1-0

[Event "FICGS rapid E 000160 email"]
[Site "FICGS email"]
[Date "2015.10.06"]
[Round "1"]
[White "Segur, Laurine"]
[Black "Goldmund, Heike"]
[Result "1-0"]
[WhiteElo "970"]
[BlackElo "1130"]
[PlyCount "105"]
[EventDate "2015.??.??"]
[EventType "tourn (rapid)"]
[EventRounds "6"]
[SourceTitle "Corr 2022"]
[Source "ChessBase"]
[SourceDate "2021.10.24"]
[SourceVersion "1"]
[SourceVersionDate "2021.10.24"]
[SourceQuality "1"]

1. d4 d5 2. e3 Nf6 3. c4 c6 4. Nf3 Bg4 5. Be2 e6 6. Nc3 dxc4 7. Bxc4 Bd6 8. a3 Nbd7 9. h3 Bf5 10. Qe2 Nb6 11. b3 Nxc4 12. Qxc4 0-0 13. Bb2 Rc8 14. 0-0 b5 15. Qe2 Ne4 16. Rfd1 Nxc3 17. Bxc3 Be4 18. Bb4 Bd5 19. Bxd6 Qxd6 20. b4 Bc4 21. Qb2 a6 22. Ne5 f6 23. Nxc4 bxc4 24. Rac1 Qd5 25. Qa2 Rfd8 26. Qxc4 Qxc4 27. Rxc4 Rc7 28. Rdc1 Rdc8 29. a4 Kf7 30. b5 axb5 31. axb5 c5 32. Rxc5 Rxc5 33. dxc5 Ke7 34. Kf1 Kd7 35. Ke2 Kc7 36. Kd3 f5 37. Kc4 Rd8 38. Rc2 g5 39. g4 fxg4 40. hxg4 h6 41. f4 gxf4 42. exf4 Rd1 43. Re2 Kd7 44. f5 exf5 45. gxf5 Rf1 46. Re5 h5 47. c6+ Kc7 48. Re7+ Kb6 49. c7 Kb7 50. b6 Rc1+ 51. Kd5 Rc6 52. c8Q+ Kxc8 53. Kxc6 1-0

[Event "FICGS rapid E 000137 email"]
[Site "FICGS email"]
[Date "2014.10.13"]
[Round "1"]
[White "Segur, Laurine"]
[Black "Kehayov, Yulian"]
[Result "1/2-1/2"]
[WhiteElo "1078"]
[BlackElo "899"]
[PlyCount "84"]
[EventDate "2014.??.??"]
[EventType "tourn (rapid)"]
[EventRounds "6"]
[SourceTitle "Corr 2022"]
[Source "ChessBase"]
[SourceDate "2021.10.24"]
[SourceVersion "1"]
[SourceVersionDate "2021.10.24"]
[SourceQuality "1"]

1. d4 d6 2. e3 Bd7 3. Nf3 Nf6 4. Bd3 e5 5. 0-0 Be7 6. Nc3 0-0 7. Ne4 Nxe4 8. Bxe4 Nc6 9. c3 Qc8 10. b4 Nd8 11. a4 c6 12. b5 cxb5 13. Bd3 bxa4 14. c4 a6 15. d5 b5 16. Qc2 bxc4 17. Bxc4 h6 18. Bb2 Nb7 19. h3 Na5 20. Ba2 Qxc2 21. Bc1 Bf6 22. g4 e4 23. Nd2 Bxa1 24. f3 exf3 25. Rxf3 Qxc1+ 26. Nf1 Rfe8 27. Rf4 Red8 28. e4 Qc5+ 29. Kg2 Qc2+ 30. Rf2 Qxe4+ 31. Rf3 Qe2+ 32. Rf2 Qxf2+ 33. Kxf2 f5 34. Ne3 fxg4 35. hxg4 Rf8+ 36. Nf5 Bxf5 37. gxf5 Rxf5+ 38. Ke3 Re8+ 39. Kd3 Nb3 40. Bb1 Rf3+ 41. Kc4 Rb8 42. Bh7+ Kxh7 1/2-1/2

[Event "FICGS class F 000150 email"]
[Site "FICGS email"]
[Date "2014.07.10"]
[Round "1"]
[White "Cavaille, Cedric"]
[Black "Segur, Laurine"]
[Result "1-0"]
[WhiteElo "1060"]
[BlackElo "1169"]
[PlyCount "157"]
[EventDate "2014.??.??"]
[EventType "tourn (corr)"]
[EventRounds "5"]
[SourceTitle "Corr 2022"]
[Source "ChessBase"]
[SourceDate "2021.10.24"]
[SourceVersion "1"]
[SourceVersionDate "2021.10.24"]
[SourceQuality "1"]

1. e4 e5 2. Nf3 d6 3. d4 Be6 4. d5 Bg4 5. h3 Bh5 6. c4 Nf6 7. Bd3 Be7 8. b4 Na6 9. b5 Nb4 10. a3 Nxd3+ 11. Qxd3 c5 12. a4 a5 13. Nc3 Bg6 14. Bg5 0-0 15. Nh4 Nh5 16. Bxe7 Qxe7 17. Nxg6 fxg6 18. g4 Nf4 19. Qg3 Rab8 20. g5 h6 21. h4 Rf7 22. Ne2 Rbf8 23. Rf1 Nh5 24. Qh3 Nf4 25. Qg3 Nh5 26. Qg2 hxg5 27. Qxg5 Qxg5 28. hxg5 Rf3 29. Rc1 Nf4 30. Nxf4 R8xf4 31. Ke2 Ra3 32. Ra1 Rxe4+ 33. Kd2 Rxa1 34. Rxa1 Rxc4 35. f3 Rd4+ 36. Ke3 Rxd5 37. f4 Rd4 38. fxe5 d5 39. Ra3 Re4+ 40. Kd3 Rxe5 41. Rc3 Rxg5 42. Rxc5 Rg3+ 43. Kd4 Ra3 44. Kxd5 Rxa4 45. Rc4 Ra3 46. Rc7 Rd3+ 47. Kc5 Rd8 48. Rxb7 Ra8 49. b6 a4 50. Ra7 Rb8 51. Kc6 Re8 52. Rxa4 g5 53. b7 Kh7 54. Ra8 Re6+ 55. Kb5 Re5+ 56. Kc6 Re6+ 57. Kd7 Rb6 58. Kc7 Rxb7+ 59. Kxb7 Kh6 60. Rh8+ Kg6 61. Kc6 Kf5 62. Rf8+ Ke4 63. Rg8 Kf3 64. Rf8+ Kg3 65. Kd5 g4 66. Ke4 Kh2 67. Rh8+ Kg2 68. Ke3 g3 69. Ke2 Kg1 70. Rh3 Kg2 71. Rh4 Kg1 72. Rg4 Kg2 73. Ke3 Kh3 74. Kf3 g5 75. Rxg5 g2 76. Rxg2 Kh4 77. Rg8 Kh5 78. Kf4 Kh4 79. Rh8# 1-0

[Event "FICGS rapid D 000051 email"]
[Site "FICGS email"]
[Date "2011.01.18"]
[Round "1"]
[White "Leurette, Marc Antoine"]
[Black "Segur, Laurine"]
[Result "1-0"]
[WhiteElo "1459"]
[BlackElo "1400"]
[PlyCount "71"]
[EventDate "2011.??.??"]
[EventType "tourn (rapid)"]
[EventRounds "5"]
[SourceTitle "Corr 2013"]
[Source "ChessBase"]
[SourceDate "2012.11.12"]
[SourceVersion "1"]
[SourceVersionDate "2012.11.12"]
[SourceQuality "1"]

1. e4 c6 2. d4 d6 3. Nc3 b5 4. Bd3 e6 5. Nf3 g6 6. 0-0 Nd7 7. d5 Qc7 8. dxe6 fxe6 9. b4 a6 10. Bb2 d5 11. e5 Nc5 12. bxc5 Bxc5 13. a4 Bb7 14. Ng5 Bc8 15. axb5 cxb5 16. Nxb5 axb5 17. Rxa8 Qb7 18. Nxe6 Qxa8 19. Nc7+ Kd7 20. Nxa8 Bb7 21. e6+ Kxe6 22. Bxh8 Bxa8 23. Bxb5 d4 24. Qg4+ Kf7 25. Bc4+ Kf8 26. Qc8+ Ke7 27. Re1+ Kd6 28. Qxa8 Kc7 29. Bxg8 Kb6 30. Rb1+ Kc7 31. Be5+ Kd7 32. Qd5+ Ke7 33. Qxc5+ Kd7 34. Qxd4+ Kc6 35. Bxh7 g5 36. Qd6# 1-0

[Event "FICGS rapid D 000050 email"]
[Site "FICGS email"]
[Date "2011.01.02"]
[Round "1"]
[White "Leurette, Marc Antoine"]
[Black "Segur, Laurine"]
[Result "1-0"]
[WhiteElo "1459"]
[BlackElo "1400"]
[PlyCount "63"]
[EventDate "2011.??.??"]
[EventType "tourn (rapid)"]
[EventRounds "6"]
[SourceTitle "Corr 2013"]
[Source "ChessBase"]
[SourceDate "2012.11.12"]
[SourceVersion "1"]
[SourceVersionDate "2012.11.12"]
[SourceQuality "1"]

1. e4 e6 2. d4 Nf6 3. Nc3 b6 4. Nf3 g6 5. Bd3 c6 6. 0-0 Ba6 7. Bxa6 Nxa6 8. e5 Ng4 9. Bg5 f6 10. exf6 Nxf6 11. Bxf6 Qxf6 12. Ne4 Qf4 13. Qe2 c5 14. g3 Qf5 15. Nh4 Qf7 16. Qxa6 Rb8 17. Qxa7 Rc8 18. Qxb6 Rc6 19. Qb8+ Ke7 20. d5 h6 21. dxc6 g5 22. cxd7 Kxd7 23. Rad1+ Ke7 24. Nxc5 gxh4 25. Rd7+ Kf6 26. Rxf7+ Kxf7 27. Qe5 Rg8 28. Qxe6+ Kg7 29. Nd7 Kh8 30. Qf6+ Bg7 31. Qxh4 Bxb2 32. Qxh6# 1-0

[Event "FICGS rapid D 000050 email"]
[Site "FICGS email"]
[Date "2011.01.02"]
[Round "1"]
[White "Segur, Laurine"]
[Black "Guralivu, Paul Iosif"]
[Result "0-1"]
[WhiteElo "1400"]
[BlackElo "1561"]
[PlyCount "38"]
[EventDate "2011.??.??"]
[EventType "tourn (rapid)"]
[EventRounds "6"]
[SourceTitle "Corr 2013"]
[Source "ChessBase"]
[SourceDate "2012.11.12"]
[SourceVersion "1"]
[SourceVersionDate "2012.11.12"]
[SourceQuality "1"]

1. e4 c5 2. c3 Nc6 3. Nf3 e6 4. b4 cxb4 5. g3 bxc3 6. dxc3 d6 7. Bg5 Nf6 8. Nfd2 Be7 9. Bg2 0-0 10. Bh3 Bd7 11. c4 Rc8 12. f4 h6 13. Bh4 Qb6 14. g4 Qd4 15. Na3 Nxe4 16. g5 hxg5 17. fxg5 Bxg5 18. Nb5 Bxh4+ 19. Kf1 Qf2# 0-1